Loading...
Selected works of Mao Tse-Tung
| Main Author: | |
|---|---|
| Format: | Printed Book |
| Language: | English |
| Published: |
Peking, Foreign languages press
1975
|
| Series: | 4
|
| Subjects: |
| LEADER | 005050000a22001810004500 | ||
|---|---|---|---|
| 015 | |a MV | ||
| 041 | |a eng | ||
| 082 | |a 923.1 MAO K5.4 | ||
| 100 | |a Tse-Tung, Mao | ||
| 245 | |a Selected works of Mao Tse-Tung | ||
| 260 | |a Peking, Foreign languages press | ||
| 260 | |c 1975 | ||
| 490 | |a 4 | ||
| 650 | |a China | ||
| 650 | |a Communism | ||
| 942 | |c BK | ||
| 999 | |c 137348 |d 137344 | ||
| 952 | |0 0 |1 0 |4 0 |6 923_100000000000000_MAO_K5_4 |7 0 |9 136130 |a SIRP |b SIRP |d 2017-10-05 |l 0 |o 923.1 MAO K5.4 |p SIRP02385 |r 2017-10-05 |w 2017-10-05 |y BK | ||